Responses for show #1863 - Wednesday, October 14, 1992

Leslie Miller game 5.

Contestants

Kyle Reynolds, an electronics technician originally from Chicago, Illinois

Kate Haire, a computer programmer and analyst from Wilmington, Delaware

Leslie Miller, an editor from Reston, Virginia (whose 4-day cash winnings total $46,899)

Jeopardy! Round responses

FIRST LADIES
COWBOY LIFE
FURNITURE
BIRDS
POTPOURRI
FOREIGN WORDS & PHRASES
    $100 26
Mary Todd Lincoln

Kate
    $100 2
dogie

Kyle
    $100 16
a hat rack

Leslie
    $100 11
Africa

Kyle
    $100 21
a dog

Kate
    $100 1
(Kyle: What is très?)

beaucoup

KateKyle
    $200 27
New York

Kyle
    $200 3
a stampede

Kate
    $200 17
a table

Kate
    $200 12
an oriole

Leslie
    $200 22
a Swiss Army knife

Kate
    $200 7
a sarong

Leslie
    $300 28
Barbara Bush

Kyle
    $300 4
roping

Kate
    $300 18
Philadelphia

Kate
    $300 13
Hawaii

Kate
    $300 23
Frederick's of Hollywood

Kyle
    $300 8
a slalom

Kyle
    $400 29
the Daughters of the American Revolution

Kyle
    $400 5
(Alex: Jack Palance won an Oscar for portraying this kind of an individual, [*].)

the trail boss

Triple Stumper
    $400 19
Spain

Leslie
    $400 14
the condor

Kyle
    $400 24
2

Leslie
    $400 9
konnichiwa

Leslie
    $500 30
Jackie Onassis (Jacqueline Kennedy Onassis)

Kyle
    $500 6
a spur

Leslie
    $500 20
Classical

Kyle
    $500 15
[Leslie pronounces it "sin-yet", but is corrected by Alex and given credit.]

a cygnet

Leslie
    $500 25
a googolplex

Kyle
    $500 10
skol

Leslie

Scores at the first commercial break (after clue 15):

Leslie Kate Kyle
$2,300 $900 $800

Scores at the end of the Jeopardy! Round:

Leslie Kate Kyle
$3,200 $1,800 $3,500

Double Jeopardy! Round responses

WORLD CAPITALS
MUSIC
ASTRONOMY
ARTISTS
SCHEMES
POETS
    $200 11
Athens

Kate
    $200 1
a mandolin

Kate
    $200 12
a comet

Kyle
    $200 4
Germany

Kyle
    $200 22
Jimmy Hoffa

Leslie
    $200 21
Elizabeth Barrett Browning

Leslie
    $400 15
Lisbon

Kyle
    $400 2
a sonata

Kate
    $400 13
Jupiter

Leslie
    $400 5
Braque

Kate
    $400 23
the Isthmus of Panama

Kyle
    $400 27
the Nobel Prize

Leslie
    $600 16
Bogota

Kyle
    $600 3
the pedal

Leslie
    $600 14
the sun

Leslie
    $600 8
Norway

Kate
    $600 24
the Hunts

Kate
    $600 28
the American Civil War

Kyle
    $800 17
Port-au-Prince

Leslie
    $800 6
(Kyle: What is Rusticana cavallier?)
(Alex: Try one more shot at it, Kyle.)
(Kyle: What is Rusticana cavalleria?)
[Alex looks to the judges]
(Alex: Sorry, they're saying.)

Cavalleria rusticana

Kyle
Triple Stumper
    $800 19
a black hole

Kyle
    $800 9
Morse

Leslie
    $800 25
Lady Jane Grey

Kyle
    $800 29
Lewis Carroll

Kate
    $2,000 18
Nairobi

Leslie
    $1000 7
(Leslie: Who is [*]?)
(Alex: Right... More specific.)
(Leslie: The First.)

Queen Elizabeth I

Leslie
    $1000 20
pulsar

Kyle
    $1000 10
Turner

Leslie
    $1,000 26
Perseus

Kyle
    $1000 30
(Leslie: Who is Tennyson?)

Wordsworth

LeslieKate

Scores at the end of the Double Jeopardy! Round:

Leslie Kate Kyle
$10,200 $6,000 $8,700

[wagering suggestions for these scores]

Final Jeopardy! Round responses

RELIGIOUS GROUPS
KateWhat is the Salvation Army?
$3,000
KyleWhat is the Salvation Army?
$3,301
LeslieWhat is the Salvation Army?
$7,201
Salvation Army

Final scores:

Leslie Kate Kyle
$17,401 $9,000 $12,001
5-day champion: $64,300 3rd place: Frango chocolates + Jeopardy! & Wheel of Fortune video games 2nd place: Singer bedroom set + Dorothy's bedroom ensemble

Game dynamics:

Coryat scores:

Leslie Kate Kyle
$9,200 $6,000 $8,700
20 R
(including 1 DD),
1 W
17 R,
0 W
21 R
(including 2 DDs),
2 W

Combined Coryat: $23,900

The J! Archive is created by fans, for fans. The Jeopardy! game show and all elements thereof, including but not limited to copyright and trademark thereto, are the property of Jeopardy Productions, Inc. and are protected under law. This website is not affiliated with, sponsored by, or operated by Jeopardy Productions, Inc. Join the discussion at JBoard.tv.